| 000 | 00642nam a2200193 a 4500 | ||
|---|---|---|---|
| 001 | 5940 | ||
| 003 | CDMR | ||
| 005 | 20131209100645.0 | ||
| 008 | 130220s2011||||||||||||||||||||||||||||d | ||
| 020 | _a9788466413725 | ||
| 040 |
_aCDMR _bcat _cCDMR |
||
| 100 | 1 |
_aPuyal i Ortiga, Joaquim Maria _92955 |
|
| 245 | 1 | 0 |
_aAicnàlubma _b: reflexions sobre la societat i els mitjans : propostes per a la nova televisió _cJoaquim M. Puyal i Ortiga |
| 260 |
_aBarcelona _bColumna _c2011 |
||
| 300 |
_a348 p ; _c17 cm |
||
| 650 | 0 | 4 |
_91190 _aTelevisió _xAspectes socials |
| 650 | 0 | 4 |
_92757 _aMitjans de comunicació de massa _xAspectes socials |
| 942 |
_cMON _2udc |
||
| 999 |
_c5940 _d5940 |
||